000 00796nam a2200265Ia 4500
003 OSt
005 20220924115344.0
006 a|||||r|||| 00| 0
007 ta
008 220923b |||||||| |||| 00| 0 urd d
020 _a9381029830 (hbk)
020 _cINR 320.00
024 _a352288
037 _b2411, 03/03/2020, M.R. Publications
_cTextual
040 _aARTS
_cARTS
_burd
041 _2urd
_aurd
082 _aO168,1NRAx, Q3
100 _aRahman Ghyasur Au.
_9177933
245 0 _aRaaz Yazdani
_b shakhsiyat aur fun
260 _aDelhi
_bArshia publications India
_c2013
300 _a313p.
_ccm.
650 _aURDU POETRY
942 _hO168,1NRAx, Q3
_cTEXL
_2CC
999 _c397981
_d397981